| 000 | 00428nam a2200157Ia 4500 | ||
|---|---|---|---|
| 008 | 230312s9999||||xx |||||||||||||| ||und|| | ||
| 020 | _a0-8048-3592-6 | ||
| 082 |
_a728 _bMEH-J |
||
| 100 | _aMehta;Geeta | ||
| 245 | 0 | _aJapan Style: Architecture.Interiors.Design | |
| 260 |
_bTuttle publishing _aUSA _c2005 |
||
| 300 | _a224 | ||
| 546 | _aEng. | ||
| 650 |
_aArchitecture _vJapan Style: Architecture.Interiors.Design |
||
| 942 | _cBK | ||
| 999 |
_c9623 _d9623 |
||